000
00259nam a2200097Ia 4500
001
867567
005
20250826175609.0
008
250824s9999 xx 000 0 und d
245
0
_a
UZAYLI SEBZELER MÜZİKTEN ANLAR MI
_c
ZEYNEP AKYILDIZ
260
_b
CEZVE YAYINLARI
999
_c
867567
_d
867567